عرض عادي
عرض مارك
- عباس، بهناس،
دخول Personal Name
001 - CONTROL NUMBER
- control field: 30723
003 - CONTROL NUMBER IDENTIFIER
- control field: AE-AdECS
005 - DATE AND TIME OF LATEST TRANSACTION
- control field: 20260618120227.0
008 - FIXED-LENGTH DATA ELEMENTS
- fixed length control field: 260618|| aca||aabn | a|a d
040 ## - CATALOGING SOURCE
- Original cataloging agency: AE-AdECS
- Transcribing agency: AE-AdECS
100 ## - HEADING--PERSONAL NAME
- Personal name: عباس، بهناس،
670 ## - SOURCE DATA FOUND
- Source citation: Work cat.: (AE-AdECS)295469: هواري، معراج، مؤلف. 30720, القرار الاستثماري في ظل عدم التأكد والأزمة المالية /
